00365nam a2200145Ia 4500008004100000020001800041041000800059082001900067100001800086245003100104260005100135300000800186365001100194700001400205140306s9999 xx 000 0 und d a81 207 0931 4 aeng a339 .3bOJH/NA aAvnita, R Bir aNational income accounting aNew DelhibSterling Publishers Pvt. Ltdc 1988 a152 bRs .18 aOjha, R R